000 00551nam a2200193Ia 4500
005 20250326142245.0
008 250326s9999 xx 000 0 und d
020 _a0-7619-9483-1
037 _aTextbook
040 _aFMSL
_beng
_cFMSL
041 _aeng
_2eng
084 _aX3:8 P0
_qFMSL
100 _aBhal K T
_9745815
245 0 _aManaging dyadic interaction in organizational leadership
_cBhal K T; Ansari M
260 _aNew Delhi
_bNew Delhi, Sage
_c2000
300 _a224p
942 _cTB
_hX3:8 P0
999 _c1294159
_d1294159